[Event "Morava-ch"]
[Site "Orlova"]
[Date "2023.10.27"]
[Round "6"]
[White "Nespora, Tatana"]
[Black "Luc, Martin"]
[Result "1-0"]
[WhiteElo "1709"]
[BlackElo "1437"]
[PlyCount "97"]
[EventDate "2023.10.24"]
[EventType "swiss"]
[EventRounds "9"]
[EventCountry "CZE"]
[SourceTitle "Mega2024 Update 01"]
[Source "Chessbase"]
[SourceDate "2023.11.12"]
[SourceVersion "1"]
[SourceVersionDate "2023.11.12"]
[SourceQuality "1"]

1. e4 c5 2. Nf3 e6 3. d4 cxd4 4. Nxd4 a6 5. Nc3 Qc7 6. Be3 b5 7. a3 Bb7 8. Bd3 Nf6 9. f3 Be7 10. Qd2 d6 11. g4 h6 12. h4 d5 13. e5 Qxe5 14. 0-0-0 Qc7 15. g5 Ng8 16. f4 Nc6 17. g6 Nf6 18. gxf7+ Kxf7 19. Bg6+ Kxg6 20. Rhg1+ Kf7 21. Rxg7+ Ke8 22. Nxe6 Qd7 23. Nc5 Bxc5 24. Rxd7 Bxe3 25. Qxe3+ Kxd7 26. a4 d4 27. axb5 axb5 28. Qh3+ Kc7 29. Nxb5+ Kb6 30. Na3 Rhd8 31. Qb3+ Kc7 32. Qf7+ Nd7 33. Kb1 Ba6 34. f5 Nce5 35. Qd5 d3 36. cxd3 Bxd3+ 37. Rxd3 Nxd3 38. Qxd3 Nc5 39. Qb5 Na4 40. Qe5+ Kb7 41. Qg7+ Kc8 42. Nb5 Rd7 43. Qg8+ Kb7 44. Qg2+ Kb8 45. Qc6 Rg7 46. Qe8+ Kb7 47. Nd6+ Ka7 48. Qxa4+ Kb8 49. Qb4+ 1-0

[Event "Znojmo Rotunda op-B"]
[Site "Znojmo"]
[Date "2023.08.26"]
[Round "9"]
[White "Luc, Martin"]
[Black "Halbrstat, Petr"]
[Result "1-0"]
[WhiteElo "1437"]
[BlackElo "1557"]
[PlyCount "63"]
[EventDate "2023.08.19"]
[EventType "swiss"]
[EventRounds "9"]
[EventCountry "CZE"]
[SourceTitle "EXT 2024"]
[Source "ChessBase"]
[SourceDate "2023.10.10"]
[SourceVersion "1"]
[SourceVersionDate "2023.10.10"]
[SourceQuality "1"]

1. e4 e6 2. d4 d5 3. Nd2 dxe4 4. Nxe4 Bd7 5. Nf3 Bc6 6. Bd3 Nd7 7. c3 Ngf6 8. Nxf6+ Nxf6 9. 0-0 Bd6 10. Ne5 Bxe5 11. dxe5 Qd5 12. f3 Qc5+ 13. Kh1 Qxe5 14. Re1 Qd6 15. Qc2 0-0-0 16. Be2 h6 17. b4 a6 18. a4 Qe5 19. b5 axb5 20. axb5 Bxb5 21. Ra8+ Kd7 22. Rd1+ Nd5 23. Bxb5+ c6 24. Rxd8+ Rxd8 25. c4 cxb5 26. cxd5 exd5 27. Qc5 Ke6 28. Qxb5 Rd7 29. Bb2 Qc7 30. Re1+ Kf5 31. Qd3+ Kg5 32. Re5+ 1-0

[Event "Znojmo Rotunda op-B"]
[Site "Znojmo"]
[Date "2023.08.25"]
[Round "8"]
[White "Svagr, Daniel"]
[Black "Luc, Martin"]
[Result "1/2-1/2"]
[WhiteElo "1363"]
[BlackElo "1437"]
[PlyCount "88"]
[EventDate "2023.08.19"]
[EventType "swiss"]
[EventRounds "9"]
[EventCountry "CZE"]
[SourceTitle "EXT 2024"]
[Source "ChessBase"]
[SourceDate "2023.10.10"]
[SourceVersion "1"]
[SourceVersionDate "2023.10.10"]
[SourceQuality "1"]

1. g3 e5 2. c4 h5 3. Bg2 Nc6 4. Nc3 Bc5 5. e3 d6 6. Nge2 Bg4 7. h3 Bf5 8. d4 exd4 9. exd4 Bb6 10. a3 a5 11. b3 Nge7 12. Be3 Qc8 13. Nf4 Bg6 14. Ncd5 Ba7 15. Nxg6 Nxg6 16. b4 axb4 17. axb4 Nce7 18. Qa4+ Kf8 19. 0-0 Kg8 20. Nxe7+ Nxe7 21. d5 b6 22. Ra2 c5 23. dxc6 Qc7 24. Bxb6 Qxb6 25. c7 d5 26. c8Q+ Rxc8 27. Qxa7 Qxa7 28. Rxa7 Nc6 29. Rd7 dxc4 30. Bxc6 Rxc6 31. Rc1 Kh7 32. Rxf7 Rb8 33. Rf5 g6 34. Rc5 Rcb6 35. R1xc4 Rxb4 36. Rc7+ Kh6 37. h4 Rb1+ 38. Kg2 R1b2 39. Rf4 R2b7 40. Rff7 Rxc7 41. Rxc7 Rb2 42. Re7 Ra2 43. Kf3 Rb2 44. Rf7 Rb3+ 1/2-1/2

[Event "Brno Trade op"]
[Site "Brno"]
[Date "2021.09.04"]
[Round "8"]
[White "Hladky, Mikulas"]
[Black "Luc, Martin"]
[Result "1-0"]
[WhiteElo "1223"]
[BlackElo "1114"]
[PlyCount "57"]
[EventDate "2021.08.29"]
[EventType "swiss"]
[EventRounds "9"]
[EventCountry "CZE"]
[SourceTitle "CBM 204 Extra"]
[Source "ChessBase"]
[SourceDate "2021.11.30"]
[SourceVersion "1"]
[SourceVersionDate "2021.11.30"]
[SourceQuality "1"]

1. e4 c5 2. Nf3 Nc6 3. Bb5 d6 4. 0-0 Nf6 5. Nc3 g6 6. d4 cxd4 7. Nxd4 Bd7 8. Bxc6 bxc6 9. Bg5 Bg7 10. Re1 Qb8 11. Rb1 0-0 12. Nf3 Bg4 13. h3 Bxf3 14. Qxf3 Re8 15. a3 Qc7 16. Qe3 Nd7 17. Bh6 Bh8 18. Kh1 Nb6 19. f4 d5 20. f5 e6 21. fxg6 fxg6 22. exd5 Nxd5 23. Nxd5 cxd5 24. c3 Qd7 25. Rf1 Bg7 26. Bxg7 Kxg7 27. Qe5+ Kg8 28. Rf6 Re7 29. Rbf1 1-0